[Event "Brasilia-ch op"]
[Site "Brasilia"]
[Date "2015.10.31"]
[Round "2"]
[White "Felix, Luiza de Oliveira"]
[Black "Betat, Silvio Renan Piment"]
[Result "1/2-1/2"]
[WhiteElo "1552"]
[BlackElo "1744"]
[PlyCount "49"]
[EventDate "2015.10.30"]
[EventType "swiss"]
[EventRounds "7"]
[EventCountry "BRA"]
[SourceTitle "CBM 169 Extra"]
[Source "ChessBase"]
[SourceDate "2015.12.18"]
[SourceVersion "1"]
[SourceVersionDate "2015.12.18"]
[SourceQuality "1"]

1. e4 e5 2. Nf3 Nc6 3. Bc4 Be7 4. d3 d6 5. c3 Na5 6. Bb5+ Bd7 7. Ba4 Bxa4 8. Qxa4+ Nc6 9. 0-0 Nf6 10. Be3 0-0 11. Nbd2 a6 12. d4 h6 13. d5 Nb8 14. c4 c5 15. dxc6 Nxc6 16. Qb3 Qd7 17. Rfd1 b5 18. cxb5 axb5 19. Qxb5 Rfb8 20. Qd3 Rxb2 21. Nc4 Nb4 22. Qc3 Rbxa2 23. Nb6 Rxa1 24. Rxa1 Rxa1+ 25. Qxa1 1/2-1/2

[Event "Brasilia Inconfidencia Cup"]
[Site "Brasilia"]
[Date "2015.04.19"]
[Round "4"]
[White "De Andrade, Ivan Neudir"]
[Black "Betat, Silvio Renan Piment"]
[Result "1-0"]
[WhiteElo "1824"]
[BlackElo "1788"]
[PlyCount "79"]
[EventDate "2015.04.17"]
[EventType "swiss"]
[EventRounds "6"]
[EventCountry "BRA"]
[SourceTitle "CBM 166 Extra"]
[Source "ChessBase"]
[SourceDate "2015.06.18"]
[SourceVersion "1"]
[SourceVersionDate "2015.06.18"]
[SourceQuality "1"]

1. d4 d5 2. c4 e6 3. Nc3 Nf6 4. cxd5 exd5 5. Bg5 Be7 6. e3 0-0 7. Bd3 c6 8. Qc2 g6 9. Nge2 Re8 10. 0-0 Ne4 11. Bf4 Nxc3 12. Nxc3 Bd6 13. Bxd6 Qxd6 14. Rab1 Nd7 15. b4 b5 16. Rfd1 Nf6 17. e4 dxe4 18. Bxe4 Nxe4 19. Nxe4 Rxe4 20. Qxe4 Bf5 21. Qe5 Qxe5 22. dxe5 Bxb1 23. Rxb1 Re8 24. f4 h6 25. Rd1 g5 26. g3 Kf8 27. Kf2 Re7 28. Kf3 Ke8 29. Ke4 gxf4 30. gxf4 Rd7 31. Rxd7 Kxd7 32. f5 Ke7 33. Kd4 h5 34. Kc5 Kd7 35. h4 a6 36. a3 Kc7 37. e6 fxe6 38. fxe6 Kd8 39. Kd6 Ke8 40. e7 1-0

[Event "Brasilia Abertura op"]
[Site "Brasilia"]
[Date "2014.02.21"]
[Round "1"]
[White "Pereira da Silva, Evernandes"]
[Black "Betat, Silvio Renan Piment"]
[Result "1/2-1/2"]
[WhiteElo "1775"]
[BlackElo "1777"]
[PlyCount "54"]
[EventDate "2014.02.21"]
[EventType "swiss"]
[EventRounds "5"]
[EventCountry "BRA"]
[SourceTitle "CBM 159 Extra"]
[Source "ChessBase"]
[SourceDate "2014.04.24"]
[SourceVersion "1"]
[SourceVersionDate "2014.04.24"]
[SourceQuality "1"]

1. d4 Nf6 2. Nf3 g6 3. g3 Bg7 4. Bg2 0-0 5. 0-0 d5 6. Nbd2 Bf5 7. Nh4 Bg4 8. c3 Qd7 9. Nb3 b6 10. Bf4 h6 11. Nf3 Bxf3 12. Bxf3 c6 13. Qd2 g5 14. Be3 Qf5 15. Qd3 Qxd3 16. exd3 Nbd7 17. c4 e5 18. Nd2 Rac8 19. Rac1 Rfe8 20. Bg2 Kf8 21. b3 Kg8 22. Bh3 g4 23. Bg2 exd4 24. Bxd4 dxc4 25. dxc4 c5 26. Be3 Ne5 27. Rcd1 Rcd8 1/2-1/2

[Event "Brasilia City-ch"]
[Site "Brasilia"]
[Date "2012.01.13"]
[Round "9"]
[White "Betat, Silvio Renan Piment"]
[Black "Reis, Ernesto Guevara"]
[Result "1/2-1/2"]
[WhiteElo "1783"]
[BlackElo "1955"]
[PlyCount "82"]
[EventDate "2012.01.06"]
[EventType "tourn"]
[EventRounds "9"]
[EventCountry "BRA"]
[SourceTitle "CBM 146 Extra"]
[Source "ChessBase"]
[SourceDate "2012.02.29"]
[SourceVersion "1"]
[SourceVersionDate "2012.02.29"]
[SourceQuality "1"]

1. c4 e6 2. Nc3 d5 3. Nf3 Nf6 4. d4 Be7 5. Qc2 0-0 6. Bg5 a6 7. e3 Nbd7 8. Bd3 dxc4 9. Bxc4 b5 10. Be2 c5 11. 0-0 Bb7 12. Rfd1 Rc8 13. Ne5 cxd4 14. Nxd7 Nxd7 15. Bxe7 Qxe7 16. Rxd4 b4 17. Qb3 a5 18. Na4 Ne5 19. f4 Nc6 20. Rd2 Rcd8 21. Rad1 e5 22. Nb6 Rxd2 23. Rxd2 exf4 24. Rd7 Qc5 25. Rxb7 fxe3 26. Qc4 Qf5 27. Bf3 Ne5 28. Qe4 Nxf3+ 29. gxf3 Qc5 30. Kg2 Qc1 31. Nc4 e2 32. Qxe2 Qg5+ 33. Kf1 Qc1+ 34. Kf2 Qh1 35. Qe5 Qc1 36. Ne3 Qd2+ 37. Kg3 Qe1+ 38. Kh3 h6 39. Qd4 Qf2 40. Qe4 Qxb2 41. Qc2 Qf6 1/2-1/2

[Event "Brasilia City-ch"]
[Site "Brasilia"]
[Date "2012.01.11"]
[Round "7"]
[White "Betat, Silvio Renan Piment"]
[Black "Silva, Agnaldo Braga"]
[Result "1-0"]
[WhiteElo "1783"]
[BlackElo "1841"]
[PlyCount "125"]
[EventDate "2012.01.06"]
[EventType "tourn"]
[EventRounds "9"]
[EventCountry "BRA"]
[SourceTitle "CBM 146 Extra"]
[Source "ChessBase"]
[SourceDate "2012.02.29"]
[SourceVersion "1"]
[SourceVersionDate "2012.02.29"]
[SourceQuality "1"]

1. c4 Nf6 2. Nf3 c5 3. g3 g6 4. Bg2 Bg7 5. 0-0 Nc6 6. Nc3 d6 7. d4 cxd4 8. Nxd4 Bd7 9. Nf3 0-0 10. e4 Rb8 11. Re1 Bg4 12. h3 Bxf3 13. Bxf3 Ne5 14. Bg2 Nxc4 15. Qa4 Na5 16. Be3 a6 17. Rad1 Nc6 18. f4 Qa5 19. Qb3 Qb4 20. Qc2 Rfc8 21. a3 Qa5 22. Qf2 b5 23. e5 dxe5 24. fxe5 Nxe5 25. Ba7 Nfd7 26. Bxb8 Rxb8 27. Nd5 e6 28. Ne7+ Kf8 29. Nc6 Qb6 30. Nxb8 Qxb8 31. Kh1 h5 32. b3 Ke7 33. Rf1 f5 34. Kh2 h4 35. Kh1 hxg3 36. Qxg3 Bf6 37. Qe3 g5 38. Qd2 Qb6 39. Rf3 Qc7 40. Rc3 Qb6 41. Rc6 Qb8 42. Rd6 Qc7 43. Bc6 Nb6 44. Qb4 Kf7 45. Rc1 Kg7 46. Rxe6 Nf3 47. Qd6 Qxd6 48. Rxd6 Ne5 49. Bb7 Nbd7 50. Rc7 f4 51. Rcxd7+ Nxd7 52. Rxd7+ Kf8 53. Bxa6 Be7 54. b4 Kf7 55. Bxb5 Ke6 56. Rd3 Ke5 57. Bc6 Bd6 58. b5 Bc7 59. Rd5+ Kf6 60. a4 f3 61. Kg1 Bb6+ 62. Kf1 Kg6 63. Rd6+ 1-0

[Event "Brasilia City-ch"]
[Site "Brasilia"]
[Date "2012.01.07"]
[Round "2"]
[White "Saenko, Gennady"]
[Black "Betat, Silvio Renan Piment"]
[Result "1-0"]
[WhiteElo "1929"]
[BlackElo "1783"]
[PlyCount "132"]
[EventDate "2012.01.06"]
[EventType "tourn"]
[EventRounds "9"]
[EventCountry "BRA"]
[SourceTitle "CBM 146 Extra"]
[Source "ChessBase"]
[SourceDate "2012.02.29"]
[SourceVersion "1"]
[SourceVersionDate "2012.02.29"]
[SourceQuality "1"]

1. Nf3 Nf6 2. c4 c6 3. g3 d5 4. cxd5 cxd5 5. Bg2 Nc6 6. b3 e5 7. Bb2 Bd6 8. 0-0 Bg4 9. d3 Qd7 10. Nbd2 b5 11. d4 exd4 12. Nxd4 Nxd4 13. Bxd4 Be7 14. Nf3 Be6 15. Ne5 Qd8 16. Nc6 Qd7 17. Nxe7 Qxe7 18. Bxf6 Qxf6 19. Bxd5 Rd8 20. Bc6+ Ke7 21. Qe1 Bh3 22. Bg2 Bxg2 23. Kxg2 Rhe8 24. Qb4+ Rd6 25. Qxb5 Kf8 26. Rad1 Rde6 27. Qc5+ R6e7 28. Rd2 Kg8 29. e3 h6 30. Rfd1 Qe6 31. Qc4 Qf6 32. Qc2 a6 33. Rd6 Re6 34. Rxe6 Qxe6 35. Rd4 Rc8 36. Qd2 Qf5 37. Rd8+ Rxd8 38. Qxd8+ Kh7 39. Qa8 a5 40. a4 Qc5 41. Qf3 f6 42. e4 Kg8 43. Qf5 Qc3 44. Qd5+ Kh8 45. h4 Qb4 46. Qc4 Qe1 47. Qc8+ Kh7 48. Qc2 Kg8 49. Kf3 Kh8 50. Kf4 Qb4 51. Kf5 Qd4 52. Kg6 Qd8 53. Qc4 Qe8+ 54. Kf5 Qe5+ 55. Kg4 h5+ 56. Kf3 f5 57. Qc8+ Kh7 58. Qxf5+ Qxf5+ 59. exf5 Kg8 60. Kf4 Kf7 61. Kg5 Ke7 62. Kxh5 Kf6 63. g4 Kf7 64. Kg5 Kg8 65. Kg6 Kh8 66. f6 gxf6 1-0

[Event "BRA-ch sf"]
[Site "Brasilia"]
[Date "2011.11.02"]
[Round "7"]
[White "Betat, Silvio Renan Piment"]
[Black "Balzani, Diones"]
[Result "1/2-1/2"]
[WhiteElo "1795"]
[BlackElo "1753"]
[PlyCount "50"]
[EventDate "2011.10.29"]
[EventType "swiss"]
[EventRounds "8"]
[EventCountry "BRA"]
[SourceTitle "EXT 2012"]
[Source "ChessBase"]
[SourceDate "2011.11.24"]
[SourceVersion "1"]
[SourceVersionDate "2011.11.24"]
[SourceQuality "1"]

1. c4 c5 2. Nf3 Nf6 3. g3 g6 4. Bg2 Bg7 5. 0-0 0-0 6. Nc3 Nc6 7. d4 cxd4 8. Nxd4 d6 9. Nxc6 bxc6 10. Bxc6 Rb8 11. Bg2 Re8 12. b3 Bb7 13. Rb1 Bxg2 14. Kxg2 Qa5 15. Bb2 Nd7 16. Qd5 Qb4 17. Ne4 Bxb2 18. Rxb2 h6 19. f4 Nf6 20. Nxf6+ exf6 21. Rf3 Re7 22. f5 g5 23. Rd2 Rbe8 24. Rf2 Kg7 25. Kf1 Rd8 1/2-1/2

[Event "Brazil Xadrez Brasil op"]
[Site "Brazil"]
[Date "2010.11.13"]
[Round "2"]
[White "Betat, Silvio Renan Piment"]
[Black "Da Silva, Jose Gomes"]
[Result "1/2-1/2"]
[WhiteElo "1567"]
[BlackElo "1828"]
[PlyCount "59"]
[EventDate "2010.11.12"]
[EventType "swiss"]
[EventRounds "7"]
[EventCountry "BRA"]
[SourceTitle "EXT 2013"]
[Source "ChessBase"]
[SourceDate "2012.11.22"]
[SourceVersion "1"]
[SourceVersionDate "2012.11.22"]
[SourceQuality "1"]

1. c4 e6 2. e4 d5 3. exd5 exd5 4. cxd5 Nf6 5. Nf3 Nxd5 6. Bc4 Nb6 7. Bb5+ c6 8. Be2 Be7 9. 0-0 0-0 10. d4 Bg4 11. Nc3 N8d7 12. h3 Bh5 13. Ne4 Nd5 14. Be3 Nxe3 15. fxe3 Nb6 16. Ng3 Bxf3 17. Bxf3 Qc7 18. Nf5 Bf6 19. Rc1 Qd8 20. Qb3 g6 21. Nh6+ Kg7 22. Ng4 Bg5 23. Rcd1 h5 24. Nf2 Qc7 25. Ne4 Be7 26. Nc3 Qg3 27. Ne4 Qc7 28. Qc2 Nd5 29. Qf2 Rae8 30. Nc3 1/2-1/2